Nuevo gobierno y un pueblo a la expectativa

Đã lưu trong:
Chi tiết về thư mục
Định dạng: Texto
Những chủ đề:
Các nhãn: Thêm thẻ
Không có thẻ, Là người đầu tiên thẻ bản ghi này!

MARC

LEADER 00000 a a2200000 04500
001 1543
003
040
245 |a Nuevo gobierno y un pueblo a la expectativa  
650 |a DEMOCRACIA  
650 |a ECONOMIA  
650 |a SECTOR AGROPECUARIO  
650 |a EXPORTACIONES  
773 |g número 8; páginas 2-12  
999 |c 32560  |d 32560